<?xml version="1.0" encoding="UTF-8"?><?xml-stylesheet type="text/xsl" href="static/style.xsl"?><OAI-PMH xmlns="http://www.openarchives.org/OAI/2.0/" xmlns:xsi="http://www.w3.org/2001/XMLSchema-instance" xsi:schemaLocation="http://www.openarchives.org/OAI/2.0/ http://www.openarchives.org/OAI/2.0/OAI-PMH.xsd"><responseDate>2026-04-17T02:01:40Z</responseDate><request verb="GetRecord" identifier="oai:www.recercat.cat:11351/12265" metadataPrefix="marc">https://recercat.cat/oai/request</request><GetRecord><record><header><identifier>oai:recercat.cat:11351/12265</identifier><datestamp>2025-10-24T10:30:41Z</datestamp><setSpec>com_2072_378070</setSpec><setSpec>com_2072_378040</setSpec><setSpec>col_2072_378092</setSpec></header><metadata><record xmlns="http://www.loc.gov/MARC21/slim" xmlns:dcterms="http://purl.org/dc/terms/" xmlns:xsi="http://www.w3.org/2001/XMLSchema-instance" xmlns:doc="http://www.lyncode.com/xoai" xsi:schemaLocation="http://www.loc.gov/MARC21/slim http://www.loc.gov/standards/marcxml/schema/MARC21slim.xsd">
   <leader>00925njm 22002777a 4500</leader>
   <datafield ind2=" " ind1=" " tag="042">
      <subfield code="a">dc</subfield>
   </datafield>
   <datafield ind2=" " ind1=" " tag="720">
      <subfield code="a">Ardebol, Javier</subfield>
      <subfield code="e">author</subfield>
   </datafield>
   <datafield ind2=" " ind1=" " tag="720">
      <subfield code="a">KILIC, Ali Ihsan</subfield>
      <subfield code="e">author</subfield>
   </datafield>
   <datafield ind2=" " ind1=" " tag="720">
      <subfield code="a">Noble, Matthew</subfield>
      <subfield code="e">author</subfield>
   </datafield>
   <datafield ind2=" " ind1=" " tag="720">
      <subfield code="a">Galasso, Lisa</subfield>
      <subfield code="e">author</subfield>
   </datafield>
   <datafield ind2=" " ind1=" " tag="720">
      <subfield code="a">Menendez, Mariano E.</subfield>
      <subfield code="e">author</subfield>
   </datafield>
   <datafield ind2=" " ind1=" " tag="720">
      <subfield code="a">González-Morgado, Diego</subfield>
      <subfield code="e">author</subfield>
   </datafield>
   <datafield ind2=" " ind1=" " tag="260">
      <subfield code="c">2024-11-25T10:34:21Z</subfield>
   </datafield>
   <datafield ind2=" " ind1=" " tag="260">
      <subfield code="c">2024-11-25T10:34:21Z</subfield>
   </datafield>
   <datafield ind2=" " ind1=" " tag="260">
      <subfield code="c">2024-10-09</subfield>
   </datafield>
   <datafield ind2=" " ind1=" " tag="520">
      <subfield code="a">Arthroscopy; Rotator cuff; Subscapularis</subfield>
   </datafield>
   <datafield ind2=" " ind1=" " tag="520">
      <subfield code="a">Artroscòpia; Manegot dels rotadors; Subescapular</subfield>
   </datafield>
   <datafield ind2=" " ind1=" " tag="520">
      <subfield code="a">Artroscopia; Manguito de los rotadores; Subescapular</subfield>
   </datafield>
   <datafield ind2=" " ind1=" " tag="520">
      <subfield code="a">Background:&#xd;
Restoring shoulder strength after arthroscopic rotator cuff repair (ARCR) is critical, but there is limited understanding as to what patients consider satisfactory postoperative strength.&#xd;
Purpose:&#xd;
To determine the Patient Acceptable Symptom State (PASS) values for the Constant score strength parameter and internal rotation (IR) strength in patients who underwent ARCR for rotator cuff tears involving the subscapularis (SSC) muscle and evaluate for associations between preoperative and intraoperative patient characteristics with PASS achievement.&#xd;
Study Design:&#xd;
Case-control study; Level of evidence, 3.&#xd;
Methods:&#xd;
A retrospective analysis was conducted on prospectively collected data for 278 patients with an SSC tear (isolated or combined) who underwent ARCR and had minimum 2-year follow-up data. Functional outcomes (patient-reported outcomes, range of motion, Constant strength, and IR strength) were assessed preoperatively and at the latest follow-up. The overall, male, and female PASS values for postoperative strength measures were evaluated using receiver operating characteristic analysis. Correlation and logistic regression analyses were used to evaluate the relationship between preoperative variables and PASS achievement for Constant and IR strengths.&#xd;
Results:&#xd;
The mean follow-up time was 72.8 months. The overall, male, and female PASS values were 9.9 lb (4.5 kg), 14.5 lb (6.6 kg), and 8.5 lb (3.9 kg), respectively, for Constant strength and 15.2 lb (6.9 kg), 20.7 lb (9.4 kg), and 12.1 lb (5.5 kg), respectively, for IR strength. Older age, high fatty infiltration of the SSC tendon (Goutallier grades 3 and 4), and failure of SSC healing correlated negatively with PASS attainment for the strength measures. High fatty infiltration of the supraspinatus and infraspinatus muscles correlated negatively with Constant strength. Decreased coracohumeral distance (CHD) and larger SSC tears correlated negatively with achieving PASS for IR strength. Workers’ compensation, high supraspinatus and SSC fatty infiltration, and the use of knotted suture anchors were predictors of not achieving the overall Constant strength PASS, while lower SSC fatty infiltration and high CHD were predictors of achieving the overall IR strength PASS.&#xd;
Conclusion:&#xd;
This study established the PASS values for Constant and IR strengths for patients after ARCR involving the SSC tendon. Workers’ compensation, high supraspinatus and SSC fatty infiltration, and the use of knotted suture anchors were predictors of not achieving the overall Constant strength PASS, while lower SSC fatty infiltration and high CHD were predictors of achieving the overall IR strength PASS.</subfield>
   </datafield>
   <datafield ind2=" " ind1=" " tag="520">
      <subfield code="a">M.B.N. has received education payments from Rock Medical Orthopedics. L.A.G. has received education payments from Arthrex and hospitality payments from Stryker. M.E.M. has received education payments from Arthrex, consulting fees from Arthrex, and hospitality payments from Encore Medical, Stryker, Medical Device Business Services, and Smith &amp; Nephew. P.J.D. has received education payments from Steelhead Surgical; consulting fees from Arthrex, Pacira Pharmaceuticals, and Integer Holdings; nonconsulting fees from Arthrex; and royalties from Arthrex. AOSSM checks author disclosures against the Open Payments Database (OPD). AOSSM has not conducted an independent investigation on the OPD and disclaims any liability or responsibility relating thereto.</subfield>
   </datafield>
   <datafield ind1="8" ind2=" " tag="024">
      <subfield code="a">http://hdl.handle.net/11351/12265</subfield>
   </datafield>
   <datafield tag="653" ind2=" " ind1=" ">
      <subfield code="a">Articulació escapulohumeral - Cirurgia</subfield>
   </datafield>
   <datafield tag="653" ind2=" " ind1=" ">
      <subfield code="a">Artroscòpia</subfield>
   </datafield>
   <datafield tag="653" ind2=" " ind1=" ">
      <subfield code="a">Articulació escapulohumeral - Imatgeria</subfield>
   </datafield>
   <datafield tag="653" ind2=" " ind1=" ">
      <subfield code="a">Condició física</subfield>
   </datafield>
   <datafield tag="653" ind2=" " ind1=" ">
      <subfield code="a">ANALYTICAL, DIAGNOSTIC AND THERAPEUTIC TECHNIQUES, AND EQUIPMENT::Surgical Procedures, Operative::Minimally Invasive Surgical Procedures::Endoscopy::Surgical Procedures, Operative::Arthroscopy</subfield>
   </datafield>
   <datafield tag="653" ind2=" " ind1=" ">
      <subfield code="a">DISEASES::Wounds and Injuries::Wounds and Injuries::Shoulder Injuries::Wounds and Injuries::Rotator Cuff Injuries</subfield>
   </datafield>
   <datafield tag="653" ind2=" " ind1=" ">
      <subfield code="a">Other subheadings::Other subheadings::Other subheadings::/surgery</subfield>
   </datafield>
   <datafield tag="653" ind2=" " ind1=" ">
      <subfield code="a">PHENOMENA AND PROCESSES::Musculoskeletal and Neural Physiological Phenomena::Musculoskeletal Physiological Phenomena::Muscle Strength</subfield>
   </datafield>
   <datafield tag="653" ind2=" " ind1=" ">
      <subfield code="a">TÉCNICAS Y EQUIPOS ANALÍTICOS, DIAGNÓSTICOS Y TERAPÉUTICOS::intervenciones quirúrgicas::procedimientos quirúrgicos mínimamente invasivos::endoscopia::intervenciones quirúrgicas::artroscopia</subfield>
   </datafield>
   <datafield tag="653" ind2=" " ind1=" ">
      <subfield code="a">ENFERMEDADES::heridas y lesiones::heridas y lesiones::lesiones del hombro::heridas y lesiones::lesiones del manguito de los rotadores</subfield>
   </datafield>
   <datafield tag="653" ind2=" " ind1=" ">
      <subfield code="a">Otros calificadores::Otros calificadores::Otros calificadores::/cirugía</subfield>
   </datafield>
   <datafield tag="653" ind2=" " ind1=" ">
      <subfield code="a">FENÓMENOS Y PROCESOS::fenómenos fisiológicos nerviosos y musculoesqueléticos::fenómenos fisiológicos musculoesqueléticos::fuerza muscular</subfield>
   </datafield>
   <datafield ind2="0" ind1="0" tag="245">
      <subfield code="a">Determining the Patient Acceptable Symptom State (PASS) for Shoulder Strength After Subscapularis Arthroscopic Repair and Evaluating the Preoperative Predictors for PASS Achievement</subfield>
   </datafield>
</record></metadata></record></GetRecord></OAI-PMH>